History of Southern Africa /

Bibliographic Details
Main Author: Omer-Cooper, J. D. (John D.)
Format: Book
Language:English
Published: London : Portsmouth, N.H. : J. Currey ; Heinemann, 1987.
Subjects:

MARC

Tag First Indicator Second Indicator Subfields
LEADER 00000cam a2200000 a 4500
001 in00000010996
005 20151007051950.0
008 861215s1987 enka b 00110 eng
010 |a  86032007  
020 |a 0435080105 (pbk. : alk. paper) 
035 |a (OCoLC)15016097 
035 |9 AAA5665AM 
040 |a DLC  |c DLC  |d TXA  |d UtOrBLW 
043 |a f-sa---  |a fs----- 
049 |a TXAM  |c [A11039946] 
050 0 0 |a DT766  |b .O44 1987 
082 0 |a 968  |2 19 
100 1 |a Omer-Cooper, J. D.  |q (John D.) 
245 1 0 |a History of Southern Africa /  |c J.D. Omer-Cooper. 
264 1 |a London :  |b J. Currey ;  |a Portsmouth, N.H. :  |b Heinemann,  |c 1987. 
300 |a xiii, 297 pages :  |b illustrations ;  |c 22 x 21 cm. 
336 |a text  |b txt  |2 rdacontent 
337 |a unmediated  |b n  |2 rdamedia 
338 |a volume  |b nc  |2 rdacarrier 
504 |a Bibliography: pages 278-285. 
500 |a Includes index. 
651 0 |a South Africa  |x History. 
651 0 |a Africa, Southern  |x History. 
999 |a MARS 
999 f f |s 024a5ddc-d318-348e-a483-abfb5441a75a  |i 93521143-7c15-3865-bda9-9a801851815e  |t 0 
952 f f |p ric  |a Texas A&M University  |b Rellis Campus  |c Joint Library Facility  |d Remote Storage  |t 0  |e DT766 .O44 1987  |h Library of Congress classification  |i unmediated -- volume  |m A14811039946 
998 f f |a DT766 .O44 1987  |t 0  |l Remote Storage